[Slovenské kázne]
Zošit 23 slovenských trojkráľových kázní a na nedele po Troch kráľoch. V knihe je vložený vzor kvitancie beckovského františkánskeho konventu
| Format: | Manuscript Book |
|---|---|
| Language: | Slovak Latin |
| PhysicalDescription: | 133 nečíslovaných strán rukopis, viazaný 26 cm |
| Published: |
[Rôzne miesta vzniku]
1835-1862
|
| Subjects: |
MARC
| LEADER | 00000ntmaa2200000 a 4500 | ||
|---|---|---|---|
| 001 | vtls011564219 | ||
| 003 | SK-MaSNL | ||
| 005 | 20260301220830.0 | ||
| 008 | 230802i1835 xo || 000 s slo | ||
| 035 | |a urn:nbn:sk:snk-tm00chhu | ||
| 035 | |a urn:nbn:sk:snk-tm3n2st | ||
| 035 | |a 8DE4D1AB-8563-4982-9AB0-FADA7A49D91F | ||
| 040 | |a SNKLA |b slo |c SNKLA |e AACR2 | ||
| 041 | 0 | |a slo |a lat | |
| 044 | |a xo |c SK | ||
| 072 | 7 | |a 27-78 |x Kresťanské združenia, spolky a organizácie. Rehoľné rády |2 konspekt | |
| 080 | |a 27-789.32 |2 2011 | ||
| 080 | |a 2-287 |2 2011 | ||
| 080 | |a 025.171 |2 2011 | ||
| 245 | 0 | 0 | |a [Slovenské kázne] |
| 260 | |a [Rôzne miesta vzniku] |c 1835-1862 | ||
| 300 | |a 133 nečíslovaných strán |b rukopis, viazaný |c 26 cm | ||
| 500 | |a Rovnaký rukopis autora ako pri signatúrach MS-Ba Gb 24, 34, 39, 60, 64, 65 | ||
| 520 | 2 | |a Zošit 23 slovenských trojkráľových kázní a na nedele po Troch kráľoch. V knihe je vložený vzor kvitancie beckovského františkánskeho konventu | |
| 546 | |a Texty kázní sú slovensky, veta, na ktorú sa káže latinsky | ||
| 555 | 0 | |a Inventár rukopisov Archívu literatúry a umenia Matice slovenskej. Rukopisy historických knižníc na Slovensku I. Martin: Matica slovenská 1992 | |
| 610 | 2 | 7 | |a Františkáni (Beckov, Slovensko) |b Salvatoriánska provincia |2 SNKLA |9 341653 |
| 610 | 2 | 7 | |a Františkáni (Bratislava, Slovensko) |b Provincia Najsv. Spasiteľa |2 SNKLA |9 344397 |
| 610 | 2 | 7 | |a Františkáni (Hlohovec, Slovensko) |b Salvatoriánska provincia |2 SNKLA |9 341936 |
| 610 | 2 | 7 | |a Františkáni |2 SNKKA |9 174796 |
| 610 | 2 | 7 | |a Františkánsky kláštor (Beckov, Slovensko) |2 SNKLA |9 341654 |
| 655 | 7 | |a kázne |2 SNKPH |9 70516 | |
| 655 | 7 | |a rukopisy |2 SNKPH |9 70548 | |
| 852 | |a Slovenská národná knižnica |b Literárny archív | ||
| 958 | |a ZH | ||
| 958 | |a LAVD | ||
| 999 | |c 933366 |d 935296 | ||
| 952 | |a SNKLA |b SNKLA |c SNKLA_DEP |y NEVYP |7 0 |p 17A1191391 |o snkRHKS 195 |0 0 |1 0 |4 0 |d 2016-07-01 |f 1 |l 0 |r 2026-02-24 08:55:22 |w 2026-02-24 | ||


